[Event "European Rapid Championship 2021"]
[Site "Katowice"]
[Date "2021.12.19"]
[Round "9.17"]
[White "Cukrowski, Filip"]
[Black "Stefansson, Hannes"]
[Result "0-1"]
[WhiteElo "2373"]
[BlackElo "2519"]
[Annotator "ChessBase"]
[PlyCount "130"]
[EventDate "2021.12.18"]
[EventType "swiss"]
[EventCountry "POL"]
[SourceTitle "playchess.com"]
[Source "ChessBase"]
[SourceQuality "1"]
[TimeControl "900+10"]

1. Nf3 {[%emt 0:00:01]} Nf6 {[%emt 0:00:04]} 2. g3 {[%emt 0:00:02]} d5 {
[%emt 0:00:13]} 3. d4 {[%emt 0:00:03]} Bf5 {[%emt 0:00:14]} 4. Bg2 {[%emt 0:00:
06]} e6 {[%emt 0:00:04]} 5. O-O {[%emt 0:00:16]} Be7 {[%emt 0:00:05]} 6. c4 {
[%emt 0:00:04]} c6 {[%emt 0:00:12]} 7. Nc3 {[%emt 0:00:11]} Ne4 {[%emt 0:00:46]
} 8. Nd2 {[%emt 0:02:33]} Nxc3 {[%emt 0:00:07]} 9. bxc3 {[%emt 0:00:02]} Nd7 {
[%emt 0:00:19]} 10. cxd5 {[%emt 0:01:16]} exd5 {[%emt 0:00:04]} 11. f3 {
[%emt 0:00:24]} O-O {[%emt 0:00:24]} 12. e4 {[%emt 0:00:01]} dxe4 {[%emt 0:00:
54]} 13. fxe4 {[%emt 0:00:04]} Bg6 {[%emt 0:00:01]} 14. h4 {[%emt 0:00:58]} Nf6
{[%emt 0:00:51]} 15. Bf3 {[%emt 0:01:56]} h6 {[%emt 0:00:44]} 16. h5 {[%emt 0:
00:25]} Bh7 {[%emt 0:00:03]} 17. Qb3 {[%emt 0:00:03]} Qd7 {[%emt 0:00:46]} 18.
Kg2 {[%emt 0:01:42]} Rae8 {[%emt 0:00:24]} 19. Re1 {[%emt 0:00:43]} b5 {
[%emt 0:00:22]} 20. a4 {[%emt 0:02:01]} a6 {[%emt 0:00:02]} 21. axb5 {[%emt 0:
00:03]} axb5 {[%emt 0:00:01]} 22. Bb2 {[%emt 0:01:16]} Ng4 {[%emt 0:00:37]} 23.
e5 {[%emt 0:01:39]} Bf5 {[%emt 0:00:16]} 24. Qd1 {[%emt 0:00:36]} Bg5 {[%emt 0:
00:37]} 25. Nf1 {[%emt 0:00:11]} Ra8 {[%emt 0:01:54]} 26. Rxa8 {[%emt 0:01:25]}
Rxa8 {[%emt 0:00:02]} 27. Qe2 {[%emt 0:00:07]} Be6 {[%emt 0:00:45]} 28. Kg1 {
[%emt 0:00:03]} Ra2 {[%emt 0:00:15]} 29. Ra1 {[%emt 0:00:04]} Rxa1 {[%emt 0:00:
24]} 30. Bxa1 {[%emt 0:00:00]} f5 {[%emt 0:00:46]} 31. Qg2 {[%emt 0:00:50]} Bd5
{[%emt 0:00:03]} 32. Bxd5+ {[%emt 0:00:03]} cxd5 {[%emt 0:00:02]} 33. Qe2 {
[%emt 0:00:18]} Kf7 {[%emt 0:00:28]} 34. Bb2 {[%emt 0:00:01]} Ke6 {[%emt 0:00:
08]} 35. Ba3 {[%emt 0:00:12]} Qc6 {[%emt 0:00:30]} 36. Qb2 {[%emt 0:00:48]} Qc4
{[%emt 0:00:01]} 37. Qb4 {[%emt 0:00:03]} Qxb4 {[%emt 0:00:02]} 38. Bxb4 {
[%emt 0:00:03]} Kf7 {[%emt 0:00:46]} 39. Kg2 {[%emt 0:00:09]} g6 {[%emt 0:00:
01]} 40. hxg6+ {[%emt 0:00:02]} Kxg6 {[%emt 0:00:02]} 41. Kf3 {[%emt 0:00:02]}
h5 {[%emt 0:00:04]} 42. Bd6 {[%emt 0:00:27]} Kf7 {[%emt 0:00:07]} 43. Bb4 {
[%emt 0:00:03]} Ke6 {[%emt 0:00:02]} 44. Bf8 {[%emt 0:00:04]} Bc1 {[%emt 0:00:
12]} 45. Bc5 {[%emt 0:00:09]} Nh6 {[%emt 0:00:07]} 46. Kg2 {[%emt 0:00:54]} Nf7
{[%emt 0:00:07]} 47. Kh3 {[%emt 0:00:07]} Ng5+ {[%emt 0:00:58]} 48. Kh4 {
[%emt 0:00:01]} Ne4 {[%emt 0:00:01]} 49. Bb4 {[%emt 0:00:01]} Bb2 {[%emt 0:00:
01]} 50. Ne3 {[%emt 0:00:34]} Nxc3 {[%emt 0:00:06]} 51. Nc2 {[%emt 0:00:11]}
Ne2 {[%emt 0:00:05]} 52. Bc5 {[%emt 0:00:01]} Bc3 {[%emt 0:00:05]} 53. Kxh5 {
[%emt 0:00:10]} Nxg3+ {[%emt 0:00:02]} 54. Kh4 {[%emt 0:00:07]} Ne4 {[%emt 0:
00:18]} 55. Bf8 {[%emt 0:00:11]} Bd2 {[%emt 0:00:18]} 56. Kh3 {[%emt 0:00:03]}
Bc3 {[%emt 0:00:21]} 57. Kg2 {[%emt 0:00:03]} f4 {[%emt 0:00:03]} 58. Kf3 {
[%emt 0:00:20]} Kf5 {[%emt 0:00:01]} 59. Bh6 {[%emt 0:00:05]} Nd2+ {[%emt 0:00:
14]} 60. Ke2 {[%emt 0:00:02]} b4 {[%emt 0:00:28]} 61. Kd3 {[%emt 0:00:13]} Ne4
62. e6 {[%emt 0:00:29]} b3 {[%emt 0:01:37]} 63. e7 {[%emt 0:00:19]} bxc2 {
[%emt 0:00:01]} 64. e8=Q {[%emt 0:00:16]} c1=Q {[%emt 0:00:03]} 65. Qf7+ {
[%emt 0:00:05]} Nf6 {[%emt 0:00:10]} 0-1

[Event "European Rapid Championship 2021"]
[Site "Katowice"]
[Date "2021.12.19"]
[Round "9.17"]
[White "Krawczyk, Flawian"]
[Black "Lach, Aleksandra"]
[Result "1-0"]
[WhiteElo "2154"]
[BlackElo "2132"]
[Annotator "NA"]
[PlyCount "109"]
[EventDate "2021.12.18"]
[EventType "swiss"]
[EventCountry "POL"]
[SourceTitle "playchess.com"]
[Source "ChessBase"]
[SourceQuality "1"]
[TimeControl "900+10"]

1. e4 {[%emt 0:00:05]} c5 {[%emt 0:00:04]} 2. Nf3 {[%emt 0:00:01]} g6 {[%emt 0:
00:07]} 3. d4 {[%emt 0:00:22]} cxd4 {[%emt 0:00:01]} 4. Nxd4 {[%emt 0:00:01]}
Nc6 {[%emt 0:00:01]} 5. c4 {[%emt 0:00:02]} Nf6 {[%emt 0:00:09]} 6. Nc3 {
[%emt 0:00:01]} d6 {[%emt 0:00:02]} 7. f3 {[%emt 0:00:14]} Nxd4 {[%emt 0:00:43]
} 8. Qxd4 {[%emt 0:00:01]} Bg7 {[%emt 0:00:01]} 9. Be3 {[%emt 0:00:00]} O-O {
[%emt 0:00:16]} 10. Qd2 {[%emt 0:00:01]} a5 {[%emt 0:00:22]} 11. b3 {[%emt 0:
00:16]} Nd7 {[%emt 0:00:29]} 12. Rd1 {[%emt 0:01:12]} b6 {[%emt 0:02:12]} 13.
Be2 {[%emt 0:00:09]} Nc5 {[%emt 0:00:32]} 14. O-O {[%emt 0:00:18]} Bb7 {
[%emt 0:02:22]} 15. Bd4 {[%emt 0:02:04]} Bxd4+ {[%emt 0:04:17]} 16. Qxd4 {
[%emt 0:00:03]} Ne6 {[%emt 0:01:28]} 17. Qe3 {[%emt 0:00:13]} Qc7 {[%emt 0:00:
11]} 18. Kh1 {[%emt 0:02:28]} Qc5 {[%emt 0:00:20]} 19. Qd2 {[%emt 0:00:26]} Bc6
{[%emt 0:00:51]} 20. f4 {[%emt 0:01:28]} f5 {[%emt 0:00:06]} 21. Nd5 {[%emt 0:
00:57]} Bxd5 {[%emt 0:01:19]} 22. cxd5 {[%emt 0:00:30]} Ng7 {[%emt 0:00:07]}
23. e5 {[%emt 0:00:24]} Rfd8 {[%emt 0:01:27]} 24. Rc1 {[%emt 0:00:35]} Qb4 {
[%emt 0:00:00]} 25. Rfd1 {[%emt 0:00:11]} dxe5 {[%emt 0:00:31]} 26. fxe5 {
[%emt 0:00:20]} Qe4 {[%emt 0:00:01]} 27. Qb2 {[%emt 0:00:39]} Ra7 {[%emt 0:00:
40]} 28. Bf3 {[%emt 0:00:04]} Qf4 {[%emt 0:00:33]} 29. Rc4 {[%emt 0:00:39]} Qe3
{[%emt 0:00:09]} 30. Qe2 {[%emt 0:00:14]} Qxe2 {[%emt 0:00:14]} 31. Bxe2 {
[%emt 0:00:01]} Rad7 {[%emt 0:00:01]} 32. Rc6 {[%emt 0:00:17]} f4 {[%emt 0:00:
23]} 33. Bf3 {[%emt 0:01:47]} Nf5 {[%emt 0:00:10]} 34. Kg1 {[%emt 0:01:22]} Ne3
{[%emt 0:00:06]} 35. Rd3 {[%emt 0:00:03]} Kf8 {[%emt 0:00:20]} 36. g3 {[%emt 0:
00:36]} g5 {[%emt 0:00:03]} 37. h4 {[%emt 0:01:07]} g4 {[%emt 0:00:25]} 38. Be4
{[%emt 0:00:09]} e6 {[%emt 0:00:13]} 39. d6 {[%emt 0:00:35]} Kf7 {[%emt 0:00:
10]} 40. gxf4 {[%emt 0:00:05]} Nf5 {[%emt 0:00:01]} 41. Bxf5 {[%emt 0:00:36]}
exf5 {[%emt 0:00:01]} 42. Rdc3 {[%emt 0:00:32]} b5 {[%emt 0:00:11]} 43. R3c5 {
[%emt 0:00:06]} a4 {[%emt 0:00:08]} 44. Rxb5 {[%emt 0:00:06]} axb3 45. axb3 {
[%emt 0:00:05]} Ke6 {[%emt 0:00:05]} 46. Kg2 {[%emt 0:00:30]} Ra8 {[%emt 0:00:
06]} 47. Rbc5 {[%emt 0:00:08]} Ra3 {[%emt 0:00:13]} 48. Rc3 {[%emt 0:00:06]}
Rb7 {[%emt 0:00:11]} 49. Rc7 {[%emt 0:00:19]} Rbxb3 {[%emt 0:00:27]} 50. Rxb3 {
[%emt 0:00:23]} Rxb3 {[%emt 0:00:01]} 51. Re7+ {[%emt 0:00:01]} Kd5 {[%emt 0:
00:01]} 52. d7 {[%emt 0:00:01]} Rb2+ {[%emt 0:00:27]} 53. Kf1 {[%emt 0:00:01]}
Rb1+ {[%emt 0:00:13]} 54. Ke2 {[%emt 0:00:00]} Rb2+ {[%emt 0:00:18]} 55. Kd3 {
[%emt 0:00:03]} 1-0

[Event "European Rapid Championship 2021"]
[Site "Katowice"]
[Date "2021.12.19"]
[Round "9.18"]
[White "Zylka, Stanislaw"]
[Black "Janik, Igor"]
[Result "0-1"]
[WhiteElo "2367"]
[BlackElo "2462"]
[Annotator "ChessBase"]
[PlyCount "128"]
[EventDate "2021.12.18"]
[EventType "swiss"]
[EventCountry "POL"]
[SourceTitle "playchess.com"]
[Source "ChessBase"]
[SourceQuality "1"]
[TimeControl "900+10"]

1. e4 {[%emt 0:00:02]} c6 {[%emt 0:00:17]} 2. Nf3 {[%emt 0:00:03]} d5 {[%emt 0:
00:01]} 3. Nc3 {[%emt 0:00:05]} Bg4 {[%emt 0:00:02]} 4. Be2 {[%emt 0:00:02]} e6
{[%emt 0:00:11]} 5. O-O {[%emt 0:00:28]} Nf6 {[%emt 0:00:02]} 6. e5 {[%emt 0:
00:01]} Nfd7 {[%emt 0:00:02]} 7. d4 {[%emt 0:00:02]} c5 {[%emt 0:00:12]} 8. Bg5
{[%emt 0:00:02]} Qb6 {[%emt 0:00:28]} 9. Na4 {[%emt 0:01:43]} Qc7 {[%emt 0:00:
29]} 10. c4 {[%emt 0:00:25]} dxc4 {[%emt 0:00:23]} 11. Rc1 {[%emt 0:00:01]} Nc6
{[%emt 0:01:23]} 12. d5 {[%emt 0:00:35]} exd5 {[%emt 0:00:35]} 13. Qxd5 {
[%emt 0:00:09]} Be6 {[%emt 0:00:41]} 14. Qe4 {[%emt 0:00:22]} Ndxe5 {[%emt 0:
01:09]} 15. Rfe1 {[%emt 0:07:07]} Nxf3+ {[%emt 0:00:42]} 16. Bxf3 {[%emt 0:00:
05]} Bd6 {[%emt 0:00:04]} 17. Qh4 {[%emt 0:00:29]} Nd4 {[%emt 0:02:10]} 18. Be4
{[%emt 0:00:23]} Kd7 {[%emt 0:00:41]} 19. b4 {[%emt 0:00:54]} cxb3 {[%emt 0:00:
40]} 20. Be3 {[%emt 0:02:31]} Qa5 {[%emt 0:02:04]} 21. axb3 {[%emt 0:01:48]}
Nxb3 {[%emt 0:02:11]} 22. Nxc5+ {[%emt 0:00:53]} Nxc5 {[%emt 0:01:34]} 23. Bxc5
{[%emt 0:00:10]} Bxc5 {[%emt 0:00:01]} 24. Red1+ {[%emt 0:00:06]} Ke8 {[%emt 0:
00:00]} 25. Bxb7 {[%emt 0:00:32]} Be7 {[%emt 0:00:01]} 26. Qg3 {[%emt 0:00:18]}
Rd8 {[%emt 0:00:38]} 27. Qxg7 {[%emt 0:00:02]} Rf8 {[%emt 0:00:26]} 28. Bc6+ {
[%emt 0:00:20]} Bd7 {[%emt 0:00:01]} 29. Bxd7+ {[%emt 0:00:06]} Rxd7 {[%emt 0:
00:01]} 30. Rc8+ {[%emt 0:00:14]} Bd8 {[%emt 0:00:01]} 31. Rdc1 {[%emt 0:00:10]
} f6 {[%emt 0:01:15]} 32. Qg4 {[%emt 0:00:06]} Qd5 {[%emt 0:00:24]} 33. g3 {
[%emt 0:00:04]} Kf7 {[%emt 0:00:10]} 34. R8c5 {[%emt 0:00:10]} Qe6 {[%emt 0:00:
33]} 35. Qa4 {[%emt 0:00:15]} Kg8 {[%emt 0:00:16]} 36. Rc6 {[%emt 0:00:04]} Qf7
{[%emt 0:00:28]} 37. Qg4+ {[%emt 0:00:17]} Qg7 {[%emt 0:00:03]} 38. Qe6+ {
[%emt 0:00:01]} Kh8 {[%emt 0:00:43]} 39. Rc8 {[%emt 0:00:00]} Re7 {[%emt 0:00:
01]} 40. Qd6 {[%emt 0:00:15]} Bb6 {[%emt 0:00:15]} 41. Kg2 {[%emt 0:00:17]}
Ree8 {[%emt 0:00:01]} 42. Rxe8 {[%emt 0:00:07]} Rxe8 {[%emt 0:00:00]} 43. h4 {
[%emt 0:00:15]} Qe7 {[%emt 0:00:01]} 44. Qd2 {[%emt 0:00:19]} Qe2 {[%emt 0:00:
04]} 45. Qf4 {[%emt 0:00:06]} Qe4+ {[%emt 0:00:01]} 46. Qxe4 {[%emt 0:00:03]}
Rxe4 {[%emt 0:00:00]} 47. Kf3 {[%emt 0:00:07]} Ra4 {[%emt 0:00:05]} 48. Rc2 {
[%emt 0:00:01]} Ra5 {[%emt 0:00:02]} 49. Ke4 {[%emt 0:00:08]} Re5+ {[%emt 0:00:
02]} 50. Kf4 {[%emt 0:00:03]} Rc5 {[%emt 0:00:00]} 51. Re2 {[%emt 0:00:02]} Re5
{[%emt 0:00:07]} 52. Rd2 {[%emt 0:00:02]} Re7 {[%emt 0:00:05]} 53. Kf5 {
[%emt 0:00:03]} Kg7 {[%emt 0:00:00]} 54. f4 {[%emt 0:00:03]} Bc5 {[%emt 0:00:
23]} 55. h5 {[%emt 0:00:04]} h6 {[%emt 0:00:03]} 56. Rd8 {[%emt 0:00:08]} Rc7 {
[%emt 0:00:09]} 57. Re8 {[%emt 0:00:03]} Kf7 {[%emt 0:00:06]} 58. Rb8 {[%emt 0:
00:11]} Be7 {[%emt 0:00:07]} 59. Ra8 {[%emt 0:00:05]} Rc5+ {[%emt 0:00:03]} 60.
Kg4 {[%emt 0:00:01]} f5+ {[%emt 0:00:01]} 61. Kh3 {[%emt 0:00:01]} Rc7 {
[%emt 0:00:05]} 62. Kg2 {[%emt 0:00:08]} Bf6 {[%emt 0:00:01]} 63. Kf3 {[%emt 0:
00:04]} Rc3+ {[%emt 0:00:07]} 64. Kg2 {[%emt 0:00:02]} Ra3 {[%emt 0:00:01]} 0-1

[Event "European Rapid Championship 2021"]
[Site "Katowice"]
[Date "2021.12.19"]
[Round "9.18"]
[White "Baum, Jonasz"]
[Black "Rudzinska, Michalina"]
[Result "0-1"]
[WhiteElo "2343"]
[BlackElo "1962"]
[Annotator "NA"]
[PlyCount "48"]
[EventDate "2021.12.18"]
[EventType "swiss"]
[EventCountry "POL"]
[SourceTitle "playchess.com"]
[Source "ChessBase"]
[SourceQuality "1"]
[TimeControl "900+10"]

1. c4 {[%emt 0:00:01]} e5 {[%emt 0:00:07]} 2. Nc3 {[%emt 0:00:02]} Nc6 {
[%emt 0:00:02]} 3. Nf3 {[%emt 0:00:02]} f5 {[%emt 0:00:06]} 4. d4 {[%emt 0:00:
52]} e4 {[%emt 0:00:03]} 5. Ne5 {[%emt 0:01:11]} d6 {[%emt 0:00:29]} 6. Nxc6 {
[%emt 0:00:04]} bxc6 {[%emt 0:00:02]} 7. g3 {[%emt 0:01:30]} Nf6 {[%emt 0:01:
05]} 8. Bg2 {[%emt 0:00:03]} Be7 {[%emt 0:00:04]} 9. O-O {[%emt 0:00:08]} O-O {
[%emt 0:00:03]} 10. d5 {[%emt 0:02:23]} c5 {[%emt 0:01:45]} 11. f3 {[%emt 0:00:
29]} exf3 {[%emt 0:00:12]} 12. Bxf3 {[%emt 0:00:35]} Ng4 {[%emt 0:00:29]} 13.
e4 {[%emt 0:02:06]} Ne5 {[%emt 0:01:45]} 14. Be2 {[%emt 0:00:10]} fxe4 {
[%emt 0:00:19]} 15. Nxe4 {[%emt 0:00:57]} Bf5 {[%emt 0:00:08]} 16. Nc3 {
[%emt 0:00:21]} Qd7 {[%emt 0:00:15]} 17. b3 {[%emt 0:01:26]} Bh3 {[%emt 0:00:
19]} 18. Rf4 {[%emt 0:00:53]} Ng6 {[%emt 0:01:03]} 19. Rxf8+ {[%emt 0:00:43]}
Rxf8 {[%emt 0:00:02]} 20. Be3 {[%emt 0:01:25]} Qf5 {[%emt 0:01:13]} 21. Qd3 {
[%emt 0:01:31]} Bg5 {[%emt 0:02:15]} 22. Nd1 {[%emt 0:01:25]} Bxe3+ {[%emt 0:
00:25]} 23. Nxe3 {[%emt 0:00:02]} Qf2+ {[%emt 0:00:48]} 24. Kh1 {[%emt 0:00:02]
} Ne5 {[%emt 0:00:14]} 0-1

[Event "European Rapid Championship 2021"]
[Site "Katowice"]
[Date "2021.12.19"]
[Round "9.19"]
[White "Blohberger, Felix"]
[Black "Martinkus, Rolandas"]
[Result "1-0"]
[WhiteElo "2409"]
[BlackElo "2033"]
[Annotator "NA"]
[PlyCount "43"]
[EventDate "2021.12.18"]
[EventType "swiss"]
[EventCountry "POL"]
[SourceTitle "playchess.com"]
[Source "ChessBase"]
[SourceQuality "1"]
[TimeControl "900+10"]

1. Nf3 {[%emt 0:00:04]} d5 {[%emt 0:00:07]} 2. d4 {[%emt 0:00:05]} e6 {[%emt 0:
00:10]} 3. Bf4 {[%emt 0:00:02]} Bd6 {[%emt 0:00:12]} 4. Bg3 {[%emt 0:00:06]} c5
{[%emt 0:00:08]} 5. e3 {[%emt 0:00:04]} Qc7 {[%emt 0:00:08]} 6. Nc3 {[%emt 0:
00:55]} a6 {[%emt 0:00:08]} 7. e4 {[%emt 0:00:27]} Bxg3 {[%emt 0:00:47]} 8.
hxg3 {[%emt 0:00:02]} Nf6 {[%emt 0:00:36]} 9. exd5 {[%emt 0:00:15]} exd5 {
[%emt 0:00:11]} 10. dxc5 {[%emt 0:01:52]} Qxc5 {[%emt 0:00:10]} 11. Qd4 {
[%emt 0:00:19]} Qa5 {[%emt 0:01:46]} 12. O-O-O {[%emt 0:01:36]} Nc6 {[%emt 0:
00:04]} 13. Qf4 {[%emt 0:00:04]} Be6 {[%emt 0:00:25]} 14. Bd3 {[%emt 0:01:36]}
Rc8 {[%emt 0:00:44]} 15. Kb1 {[%emt 0:01:38]} d4 {[%emt 0:00:45]} 16. Nxd4 {
[%emt 0:00:16]} Nxd4 {[%emt 0:01:05]} 17. Qxd4 {[%emt 0:00:03]} Rxc3 {[%emt 0:
00:26]} 18. Qxc3 {[%emt 0:00:13]} Qxa2+ {[%emt 0:00:05]} 19. Kc1 {[%emt 0:00:
01]} Qa1+ {[%emt 0:02:23]} 20. Kd2 {[%emt 0:00:02]} Qa4 {[%emt 0:00:01]} 21.
Rh4 {[%emt 0:00:56]} Qd7 {[%emt 0:01:50]} 22. Kc1 {[%emt 0:00:09]} 1-0

[Event "European Rapid Championship 2021"]
[Site "Katowice"]
[Date "2021.12.19"]
[Round "9.19"]
[White "Krasenkova, Elena"]
[Black "Reimanis, Ritvars"]
[Result "1-0"]
[WhiteElo "2124"]
[BlackElo "2397"]
[Annotator "NA"]
[PlyCount "107"]
[EventDate "2021.12.18"]
[EventType "swiss"]
[EventCountry "POL"]
[SourceTitle "playchess.com"]
[Source "ChessBase"]
[SourceQuality "1"]
[TimeControl "900+10"]

1. d4 {[%emt 0:00:01]} Nf6 {[%emt 0:00:03]} 2. c4 {[%emt 0:00:01]} e6 {[%emt 0:
00:03]} 3. g3 {[%emt 0:00:01]} d5 {[%emt 0:00:01]} 4. Bg2 {[%emt 0:00:03]} Be7
{[%emt 0:00:01]} 5. Nf3 {[%emt 0:00:01]} O-O {[%emt 0:00:02]} 6. Qc2 {[%emt 0:
00:06]} a6 {[%emt 0:00:18]} 7. b3 {[%emt 0:00:39]} dxc4 {[%emt 0:00:27]} 8.
bxc4 {[%emt 0:00:02]} c5 {[%emt 0:00:05]} 9. dxc5 {[%emt 0:01:28]} Qa5+ {
[%emt 0:00:01]} 10. Nbd2 {[%emt 0:00:15]} Qxc5 {[%emt 0:03:59]} 11. O-O {
[%emt 0:00:02]} Bd7 {[%emt 0:00:10]} 12. Nb3 {[%emt 0:00:11]} Qh5 {[%emt 0:00:
26]} 13. Bb2 {[%emt 0:02:27]} Bc6 {[%emt 0:00:08]} 14. Nbd2 {[%emt 0:00:02]}
Nbd7 {[%emt 0:00:54]} 15. e4 {[%emt 0:00:39]} Nc5 {[%emt 0:01:33]} 16. Rfe1 {
[%emt 0:00:47]} Rad8 {[%emt 0:00:52]} 17. Nd4 {[%emt 0:02:15]} Ba4 {[%emt 0:00:
02]} 18. N2b3 {[%emt 0:00:31]} Qg6 {[%emt 0:02:59]} 19. Qe2 {[%emt 0:00:45]}
Nfd7 {[%emt 0:01:49]} 20. e5 {[%emt 0:00:32]} Nb6 {[%emt 0:01:16]} 21. Nxc5 {
[%emt 0:02:11]} Bxc5 {[%emt 0:00:01]} 22. Nb3 {[%emt 0:00:01]} Bb4 {[%emt 0:00:
47]} 23. Red1 {[%emt 0:00:01]} Bc6 {[%emt 0:00:22]} 24. Bxc6 {[%emt 0:01:02]}
bxc6 {[%emt 0:00:02]} 25. Nd4 {[%emt 0:00:20]} Rc8 {[%emt 0:00:12]} 26. a3 {
[%emt 0:00:16]} Be7 {[%emt 0:00:07]} 27. a4 {[%emt 0:00:01]} c5 {[%emt 0:00:52]
} 28. Nb3 {[%emt 0:00:03]} Rb8 {[%emt 0:00:02]} 29. Na5 {[%emt 0:00:50]} Rfc8 {
[%emt 0:00:11]} 30. Bc3 {[%emt 0:00:02]} h5 {[%emt 0:00:45]} 31. Ra2 {[%emt 0:
00:57]} h4 {[%emt 0:00:36]} 32. Qf3 {[%emt 0:00:19]} Qf5 {[%emt 0:00:44]} 33.
Qxf5 {[%emt 0:00:38]} exf5 34. Kg2 {[%emt 0:00:01]} hxg3 {[%emt 0:00:21]} 35.
hxg3 {[%emt 0:00:01]} Bd8 {[%emt 0:00:27]} 36. Rd6 {[%emt 0:00:55]} Bc7 {
[%emt 0:00:16]} 37. Rc6 {[%emt 0:00:01]} Bd8 {[%emt 0:00:06]} 38. e6 {[%emt 0:
01:35]} fxe6 {[%emt 0:00:12]} 39. Rxe6 {[%emt 0:00:02]} Ra8 {[%emt 0:00:08]}
40. Re8+ {[%emt 0:00:20]} Kf7 {[%emt 0:00:01]} 41. Re5 {[%emt 0:00:43]} g6 {
[%emt 0:00:01]} 42. Ree2 {[%emt 0:00:10]} Ra7 {[%emt 0:00:14]} 43. f4 {[%emt 0:
00:02]} Rd7 {[%emt 0:00:07]} 44. Be5 {[%emt 0:00:11]} g5 {[%emt 0:00:15]} 45.
Rf2 {[%emt 0:00:26]} g4 {[%emt 0:00:04]} 46. Rfc2 {[%emt 0:00:02]} Nd5 {
[%emt 0:00:19]} 47. cxd5 {[%emt 0:00:10]} Bxa5 {[%emt 0:00:01]} 48. d6 {
[%emt 0:00:05]} Ke6 {[%emt 0:00:16]} 49. Rab2 {[%emt 0:00:01]} Bb4 {[%emt 0:00:
07]} 50. Rxb4 {[%emt 0:00:02]} cxb4 {[%emt 0:00:26]} 51. Rxc8 {[%emt 0:00:01]}
Rb7 {[%emt 0:00:02]} 52. Re8+ {[%emt 0:00:07]} Kd5 {[%emt 0:00:03]} 53. Re7 {
[%emt 0:00:17]} Rb8 {[%emt 0:00:03]} 54. d7 {[%emt 0:00:01]} 1-0

[Event "European Rapid Championship 2021"]
[Site "Katowice"]
[Date "2021.12.19"]
[Round "9.20"]
[White "Niedbala, Bartlomiej"]
[Black "Gretarsson, Helgi Ass"]
[Result "1-0"]
[WhiteElo "2131"]
[BlackElo "2476"]
[Annotator "ChessBase"]
[PlyCount "83"]
[EventDate "2021.12.18"]
[EventType "swiss"]
[EventCountry "POL"]
[SourceTitle "playchess.com"]
[Source "ChessBase"]
[SourceQuality "1"]
[TimeControl "900+10"]

1. Nf3 {[%emt 0:00:02]} g6 {[%emt 0:00:02]} 2. g3 {[%emt 0:00:26]} d5 {[%emt 0:
00:01]} 3. Bg2 {[%emt 0:00:02]} Bg7 {[%emt 0:00:01]} 4. O-O {[%emt 0:00:02]} c5
{[%emt 0:00:20]} 5. d4 {[%emt 0:00:02]} cxd4 {[%emt 0:00:46]} 6. Nxd4 {[%emt 0:
00:02]} e5 {[%emt 0:01:03]} 7. Nb3 {[%emt 0:00:39]} Ne7 {[%emt 0:00:02]} 8. c4
{[%emt 0:00:52]} d4 {[%emt 0:00:08]} 9. e3 {[%emt 0:00:18]} Nbc6 {[%emt 0:00:
02]} 10. exd4 {[%emt 0:00:02]} exd4 {[%emt 0:00:02]} 11. Bf4 {[%emt 0:00:50]}
O-O {[%emt 0:00:28]} 12. N1d2 {[%emt 0:00:26]} d3 {[%emt 0:04:51]} 13. Rb1 {
[%emt 0:00:35]} Nf5 {[%emt 0:00:02]} 14. Ne4 {[%emt 0:00:22]} Be6 {[%emt 0:00:
07]} 15. Nbc5 {[%emt 0:00:51]} Bxc4 {[%emt 0:00:47]} 16. b3 {[%emt 0:00:14]}
Ba6 {[%emt 0:01:58]} 17. Nxa6 {[%emt 0:00:25]} bxa6 {[%emt 0:00:00]} 18. Nc5 {
[%emt 0:00:58]} Rc8 {[%emt 0:00:02]} 19. Qxd3 {[%emt 0:00:56]} Qxd3 {[%emt 0:
00:03]} 20. Nxd3 {[%emt 0:00:01]} Ncd4 {[%emt 0:00:01]} 21. Rfe1 {[%emt 0:01:
31]} a5 {[%emt 0:00:46]} 22. Rbc1 {[%emt 0:01:47]} Rxc1 {[%emt 0:00:28]} 23.
Bxc1 {[%emt 0:00:07]} Rd8 {[%emt 0:00:14]} 24. Nb2 {[%emt 0:03:19]} Rc8 {
[%emt 0:00:23]} 25. Nd3 {[%emt 0:01:22]} Nc2 {[%emt 0:02:12]} 26. Rd1 {[%emt 0:
00:11]} Nfd4 {[%emt 0:00:06]} 27. Kf1 {[%emt 0:00:14]} Nb5 {[%emt 0:00:51]} 28.
Bd2 {[%emt 0:00:37]} Bc3 {[%emt 0:00:09]} 29. Bf4 {[%emt 0:00:33]} Bd4 {
[%emt 0:02:32]} 30. Rc1 {[%emt 0:00:16]} Rc3 {[%emt 0:00:59]} 31. Bd2 {[%emt 0:
00:01]} Rxd3 {[%emt 0:00:05]} 32. Rxc2 {[%emt 0:00:01]} Bc3 {[%emt 0:00:12]}
33. Ke2 {[%emt 0:01:01]} Rxd2+ {[%emt 0:00:28]} 34. Rxd2 {[%emt 0:00:01]} Bxd2
{[%emt 0:00:11]} 35. Kxd2 {[%emt 0:00:01]} Kf8 {[%emt 0:00:26]} 36. Kd3 {
[%emt 0:00:01]} Ke7 {[%emt 0:00:08]} 37. Kc4 {[%emt 0:00:17]} Na3+ {[%emt 0:00:
09]} 38. Kc5 {[%emt 0:00:00]} Nb1 {[%emt 0:00:01]} 39. a4 {[%emt 0:00:47]} Nc3
{[%emt 0:00:17]} 40. Bf3 {[%emt 0:00:26]} Kd7 {[%emt 0:00:05]} 41. Kc4 {
[%emt 0:00:14]} Nb1 {[%emt 0:00:01]} 42. Kd3 {[%emt 0:00:28]} 1-0